| 000 | 00814cam a22002054a 4500 | ||
|---|---|---|---|
| 999 |
_c7698 _d7698 |
||
| 003 | OSt | ||
| 005 | 20200317160041.0 | ||
| 008 | 070424s2007 nyua b 001 0 eng | ||
| 020 | _a9781580931526 (hardcover) | ||
| 082 | 0 | 0 |
_a712 _222 _bBRA |
| 100 | 1 | _aBradley-Hole, Christopher. | |
| 245 | 1 | 0 |
_aMaking the modern garden / _cChristopher Bradley-Hole ; with Mark Griffiths. |
| 260 |
_aNew York, N.Y. : _bMonacelli Press, _c2007. |
||
| 300 |
_a192 p. : _bill. (chiefly col.) ; _c29 cm. |
||
| 504 | _aIncludes bibliographical references (p. 186-187) and index. | ||
| 505 | 0 | _aThe poetry -- The grammar -- The narrative -- The enclosed garden -- The water garden -- The country garden -- The landscape garden -- Planting : the new approach. | |
| 650 | 0 | _aGardening. | |
| 700 | 1 |
_aGriffiths, Mark, _d1963- |
|
| 942 | _2ddc | ||